000
00274nam a22001217a 4500
008
170314b xxu||||| |||| 00| 0 eng d
041
_a
eng
080
_a
591
100
_a
7
101
_a
SHM
245
_a
INSECT THAT FEED ON TREES AND SHRUBS
_c
JOHNSON.W.T
942
_2
udc
_c
BK
999
_c
7783
_d
7783